Statistics for The First Ladies

Click here to take the quiz!

General Stats

  • This quiz has been taken 823 times
    (621 since last reset)
  • The average score is 33 of 45

Answer Stats

HintAnswer% Correct
Thomas JeffersonMartha Jefferson
96%
George WashingtonMartha Washington
96%
Barack ObamaMichelle Obama
94%
Ronald ReaganNancy Reagan
93%
George H.W. BushBarbara Bush
92%
Bill ClintonHillary Clinton
92%
George W. BushLaura Bush
91%
Donald TrumpMelania Trump
90%
Abraham LincolnMary Lincoln
88%
Andrew JohnsonEliza Johnson
87%
Lyndon B. JohnsonLady Bird Johnson
87%
John AdamsAbigail Adams
86%
Millard FillmoreAbigail Fillmore
86%
Gerald R. FordBetty Ford
86%
Franklin D. RooseveltEleanor Roosevelt
86%
Richard M. NixonPat Nixon
85%
James MonroeElizabeth Monroe
83%
John F. KennedyJacqueline Kennedy
81%
Dwight D. EisenhowerMamie Eisenhower
79%
Herbert HooverLou Hoover
76%
Theodore RooseveltEdith Roosevelt
72%
Woodrow WilsonEdith Wilson
72%
James K. PolkSarah Polk
70%
James MadisonDolley Madison
68%
Franklin PierceJane Pierce
68%
Ulysses S. GrantJulia Grant
68%
John TylerJulia Tyler
68%
Harry S. TrumanBess Truman
67%
William H. TaftHelen Taft
66%
Chester A. ArthurEllen Arthur
64%
Woodrow WilsonEllen Wilson
64%
Rutherford B. HayesLucy Hayes
64%
John Quincy AdamsLouisa Adams
63%
Zachary TaylorMargaret Taylor
63%
William H. HarrisonAnna Harrison
60%
Calvin CoolidgeGrace Coolidge
60%
William McKinleyIda McKinley
60%
Warren HardingFlorence Harding
59%
Jimmy CarterRosalynn Carter
59%
Benjamin HarrisonCaroline Harrison
57%
Grover ClevelandFrances Cleveland
57%
James A. GarfieldLucretia Garfield
57%
John TylerLetitia Tyler
49%
Martin Van BurenHannah Van Buren
38%
Andrew JacksonRachael Jackson
22%

Score Distribution

Percentile by Number Answered

Percent of People with Each Score

Your Score History

You have not taken this quiz since the last reset